<?xml version="1.0" encoding="UTF-8"?>
<record
    xmlns:xsi="http://www.w3.org/2001/XMLSchema-instance"
    xsi:schemaLocation="http://www.loc.gov/MARC21/slim http://www.loc.gov/standards/marcxml/schema/MARC21slim.xsd"
    xmlns="http://www.loc.gov/MARC21/slim">

  <leader>01473nam0a22003371  4500</leader>
  <controlfield tag="001">v19\rc\1491100</controlfield>
  <controlfield tag="005">20250618155520.0</controlfield>
  <datafield tag="035" ind1=" " ind2=" ">
    <subfield code="a">(NLR Aleph) 004620710</subfield>
  </datafield>
  <datafield tag="090" ind1=" " ind2=" ">
    <subfield code="a">3037044</subfield>
    <subfield code="c">3037044</subfield>
  </datafield>
  <datafield tag="100" ind1=" " ind2=" ">
    <subfield code="a">20060620e18801880|||y0rusy50      ca</subfield>
  </datafield>
  <datafield tag="101" ind1="0" ind2=" ">
    <subfield code="a">rus</subfield>
  </datafield>
  <datafield tag="102" ind1=" " ind2=" ">
    <subfield code="a">RU</subfield>
  </datafield>
  <datafield tag="105" ind1=" " ind2=" ">
    <subfield code="a">y   z   |||||</subfield>
  </datafield>
  <datafield tag="200" ind1="1" ind2=" ">
    <subfield code="a">&#x41F;&#x435;&#x440;&#x432;&#x43E;&#x435; &#x434;&#x435;&#x441;&#x44F;&#x442;&#x438;&#x43B;&#x435;&#x442;&#x438;&#x435; &#x41A;&#x430;&#x437;&#x430;&#x43D;&#x441;&#x43A;&#x43E;&#x439; &#x43E;&#x43A;&#x440;&#x443;&#x436;&#x43D;&#x43E;&#x439; &#x43B;&#x435;&#x447;&#x435;&#x431;&#x43D;&#x438;&#x446;&#x44B; &#x432;&#x43E; &#x438;&#x43C;&#x44F; &#x431;&#x43E;&#x436;&#x438;&#x435;&#x439; &#x43C;&#x430;&#x442;&#x435;&#x440;&#x438; &#x432;&#x441;&#x435;&#x445; &#x441;&#x43A;&#x43E;&#x440;&#x431;&#x44F;&#x449;&#x438;&#x445;. (1869-1879)</subfield>
    <subfield code="f">&#x421;&#x43E;&#x441;&#x442;. &#x434;-&#x440; &#x43C;&#x435;&#x434;. &#x410;.&#x423;. &#x424;&#x440;&#x435;&#x437;&#x435; &#x434;&#x438;&#x440;. &#x41A;&#x430;&#x437;&#x430;&#x43D;. &#x43E;&#x43A;&#x440;. &#x43B;&#x435;&#x447;&#x435;&#x431;&#x43D;&#x438;&#x446;&#x44B;...</subfield>
  </datafield>
  <datafield tag="210" ind1=" " ind2=" ">
    <subfield code="a">&#x41A;&#x430;&#x437;&#x430;&#x43D;&#x44C;</subfield>
    <subfield code="c">&#x423;&#x43D;&#x438;&#x432;. &#x442;&#x438;&#x43F;.</subfield>
    <subfield code="d">1880</subfield>
  </datafield>
  <datafield tag="215" ind1=" " ind2=" ">
    <subfield code="a">[4], IV, 116 &#x441;.</subfield>
    <subfield code="d">23</subfield>
  </datafield>
  <datafield tag="311" ind1=" " ind2=" ">
    <subfield code="a">&#x41E;&#x442;&#x442;. &#x438;&#x437; "&#x418;&#x437;&#x432;. &#x438; &#x423;&#x447;&#x435;&#x43D;. &#x437;&#x430;&#x43F;. &#x41A;&#x430;&#x437;&#x430;&#x43D;. &#x443;&#x43D;-&#x442;&#x430;". 1880, &#x2116; 1</subfield>
  </datafield>
  <datafield tag="488" ind1=" " ind2="0">
    <subfield code="1">2001#$a&#x418;&#x437;&#x432;&#x435;&#x441;&#x442;&#x438;&#x44F; &#x438; &#x423;&#x447;&#x435;&#x43D;&#x44B;&#x435; &#x437;&#x430;&#x43F;&#x438;&#x441;&#x43A;&#x438; &#x41A;&#x430;&#x437;&#x430;&#x43D;&#x441;&#x43A;&#x43E;&#x433;&#x43E; &#x443;&#x43D;&#x438;&#x432;&#x435;&#x440;&#x441;&#x438;&#x442;&#x435;&#x442;&#x430;$v1880, &#x2116; 1</subfield>
    <subfield code="t">&#x418;&#x437;&#x432;&#x435;&#x441;&#x442;&#x438;&#x44F; &#x438; &#x423;&#x447;&#x435;&#x43D;&#x44B;&#x435; &#x437;&#x430;&#x43F;&#x438;&#x441;&#x43A;&#x438; &#x41A;&#x430;&#x437;&#x430;&#x43D;&#x441;&#x43A;&#x43E;&#x433;&#x43E; &#x443;&#x43D;&#x438;&#x432;&#x435;&#x440;&#x441;&#x438;&#x442;&#x435;&#x442;&#x430;</subfield>
  </datafield>
  <datafield tag="700" ind1=" " ind2="1">
    <subfield code="a">&#x424;&#x440;&#x435;&#x437;&#x435;</subfield>
    <subfield code="b">&#x410;.&#x423;.</subfield>
    <subfield code="f">1827?-1884</subfield>
    <subfield code="g">&#x410;&#x43B;&#x435;&#x43A;&#x441;&#x430;&#x43D;&#x434;&#x440; &#x423;&#x441;&#x442;&#x438;&#x43D;&#x43E;&#x432;&#x438;&#x447;</subfield>
    <subfield code="4">220</subfield>
  </datafield>
  <datafield tag="712" ind1="0" ind2="2">
    <subfield code="a">&#x41A;&#x430;&#x437;&#x430;&#x43D;&#x441;&#x43A;&#x430;&#x44F; &#x43E;&#x43A;&#x440;. &#x43B;&#x435;&#x447;&#x435;&#x431;&#x43D;&#x438;&#x446;&#x430; &#x434;&#x443;&#x448;&#x435;&#x432;&#x43D;&#x43E;&#x431;&#x43E;&#x43B;&#x44C;&#x43D;&#x44B;&#x445;</subfield>
  </datafield>
  <datafield tag="801" ind1=" " ind2="0">
    <subfield code="a">RU</subfield>
    <subfield code="b">NLR</subfield>
    <subfield code="g">psbo</subfield>
  </datafield>
  <datafield tag="801" ind1=" " ind2="0">
    <subfield code="a">RU</subfield>
    <subfield code="b">RuMoRGB</subfield>
    <subfield code="2">psbo</subfield>
  </datafield>
  <datafield tag="801" ind1=" " ind2="1">
    <subfield code="a">RU</subfield>
    <subfield code="b">ProSoft-M</subfield>
    <subfield code="2">rusmarc</subfield>
  </datafield>
  <datafield tag="852" ind1=" " ind2=" ">
    <subfield code="a">NLR</subfield>
    <subfield code="j">18.59.3.32</subfield>
  </datafield>
  <datafield tag="899" ind1=" " ind2=" ">
    <subfield code="a">RuMoRGB</subfield>
    <subfield code="j">A 119/465</subfield>
  </datafield>
  <datafield tag="899" ind1=" " ind2=" ">
    <subfield code="a">RuMoRGB</subfield>
    <subfield code="j">U 282/8</subfield>
  </datafield>
  <datafield tag="899" ind1=" " ind2=" ">
    <subfield code="a">&#x411;&#x410;&#x41D;</subfield>
  </datafield>
  <datafield tag="899" ind1=" " ind2=" ">
    <subfield code="a">&#x41D;&#x411; &#x421;&#x41F;&#x431;&#x413;&#x423;</subfield>
  </datafield>
  <datafield tag="899" ind1=" " ind2=" ">
    <subfield code="a">&#x413;&#x41F;&#x418;&#x411;</subfield>
  </datafield>
  <datafield tag="942" ind1=" " ind2=" ">
    <subfield code="c">BOOK</subfield>
  </datafield>
  <datafield tag="980" ind1=" " ind2=" ">
    <subfield code="a">NB</subfield>
  </datafield>
  <datafield tag="995" ind1=" " ind2=" ">
    <subfield code="5">2013-10-26</subfield>
    <subfield code="b">NLR02</subfield>
    <subfield code="c">NLR02</subfield>
    <subfield code="e">RFS</subfield>
    <subfield code="f">4620710-10</subfield>
    <subfield code="k">18.59.3.32</subfield>
    <subfield code="o">0</subfield>
    <subfield code="r">BOOK</subfield>
    <subfield code="s">1859332_</subfield>
  </datafield>
  <datafield tag="995" ind1=" " ind2=" ">
    <subfield code="5">2013-10-26</subfield>
    <subfield code="b">NLR01</subfield>
    <subfield code="c">NLR01</subfield>
    <subfield code="e">TEMP</subfield>
    <subfield code="f">4620710-40</subfield>
    <subfield code="o">0</subfield>
    <subfield code="r">BOOK</subfield>
  </datafield>
  <datafield tag="995" ind1=" " ind2=" ">
    <subfield code="5">2013-10-26</subfield>
    <subfield code="b">NLR01</subfield>
    <subfield code="c">NLR01</subfield>
    <subfield code="e">TEMP</subfield>
    <subfield code="f">4620710-50</subfield>
    <subfield code="o">0</subfield>
    <subfield code="r">BOOK</subfield>
  </datafield>
  <datafield tag="995" ind1=" " ind2=" ">
    <subfield code="5">2013-10-26</subfield>
    <subfield code="b">NLR01</subfield>
    <subfield code="c">NLR01</subfield>
    <subfield code="e">TEMP</subfield>
    <subfield code="f">4620710-60</subfield>
    <subfield code="o">0</subfield>
    <subfield code="r">BOOK</subfield>
  </datafield>
</record>
